[Event "Championnat de Lorraine 2013"]
[Site "Hayange"]
[Date "2013.05.18"]
[Round "3.15"]
[White "Staeger, Jean Charles"]
[Black "Cappelletti, Robert"]
[Result "0-1"]
[WhiteElo "1596"]
[BlackElo "1869"]
[PlyCount "91"]
[EventDate "2013.??.??"]
[EventType "swiss"]
[EventRounds "6"]
[EventCountry "FRA"]
[SourceDate "2005.09.12"]

1. e4 c5 2. Nf3 d6 3. d4 cxd4 4. Nxd4 Nf6 5. Nc3 a6 6. Be2 e6 7. O-O Be7 8. Be3
Qc7 9. Qd2 b5 10. Bf3 Bb7 11. a3 Nbd7 12. b4 Rc8 13. Nce2 Bxe4 14. Bxe4 Nxe4
15. Qd3 d5 16. Rac1 Bd6 17. Nf3 Ne5 18. Nxe5 Bxe5 19. f4 Bf6 20. Bd4 Qc4 21.
Bxf6 Nxf6 22. Ng3 O-O 23. Qe3 Qc3 24. Qd3 Rc7 25. Ne2 Qc4 26. Qxc4 Rxc4 27. c3
Rfc8 28. Rf3 Ne4 29. Re3 Nd6 30. Rd3 Ne4 31. Re3 f5 32. g3 {Diagramme #} d4 33.
Rd3 dxc3 34. Rc2 Kf7 35. Kg2 Kf6 36. h3 g5 37. Rd7 h6 38. Rd3 e5 39. fxg5+ hxg5
40. Kh2 Ke6 41. Kg2 R8c6 42. Kh2 Rd6 43. Rxd6+ Kxd6 44. Kg2 Kd5 45. Kh2 Kc6 46.
Kg2 0-1

[Event "Championnat de Lorraine 2013"]
[Site "Hayange"]
[Date "2013.05.18"]
[Round "3.16"]
[White "Santamarianova, Fabrice"]
[Black "Pierrot, Philippe"]
[Result "1/2-1/2"]
[WhiteElo "1858"]
[BlackElo "1575"]
[PlyCount "60"]
[EventDate "2013.??.??"]
[EventType "swiss"]
[EventRounds "6"]
[EventCountry "FRA"]
[SourceDate "2005.09.12"]

1. c4 e5 2. Nc3 Nf6 3. d3 Be7 4. g3 c6 5. Bg2 Na6 6. a3 Nc7 7. b4 Rb8 8. Nf3 d6
9. Qb3 h6 10. Be3 Ra8 11. Qa4 O-O 12. O-O Bd7 13. c5 Nb5 14. Nxb5 cxb5 15. Qb3
Be6 16. Qb2 Bd5 17. cxd6 Bxd6 18. Nxe5 Bxg2 19. Kxg2 Bxe5 20. Qxe5 Re8 21. Qxb5
Nd5 22. Qxb7 Re7 23. Qa6 Rxe3 24. fxe3 Nxe3+ 25. Kg1 Qd4 {Diagramme #} 26. Qb7
Nxf1+ 27. e3 Qxe3+ (27... Qxa1 28. Qxa8+ Kh7 29. Qe4+ g6 30. Kg2 Qe1 31. Qf4
Nxe3+ 32. Kh3 Nf5 $19) 28. Kxf1 Qxd3+ 29. Kg2 Qe2+ 30. Kh3 Rd8 1/2-1/2

[Event "Championnat de Lorraine 2013"]
[Site "Hayange"]
[Date "2013.05.18"]
[Round "3.24"]
[White "Ghisu, David"]
[Black "Stephanus, Joseph"]
[Result "1-0"]
[WhiteElo "1300"]
[BlackElo "1892"]
[PlyCount "27"]
[EventDate "2013.??.??"]
[EventType "swiss"]
[EventRounds "6"]
[EventCountry "FRA"]
[SourceDate "2005.09.12"]

1. c4 Nf6 2. Nc3 e6 3. d3 Bb4 4. Bd2 O-O 5. a3 Bxc3 6. Bxc3 d5 7. g3 d4 8. Bd2
c5 9. Bg2 Qc7 10. Bf4 e5 11. Bg5 Nfd7 12. e4 dxe3 13. Bxe3 b6 14. Bxa8 1-0

[Event "Championnat de Lorraine 2013"]
[Site "Hayange"]
[Date "2013.05.18"]
[Round "3.28"]
[White "Reinhart, Jean-Emile"]
[Black "Ribeiro, Michael"]
[Result "0-1"]
[WhiteElo "1175"]
[BlackElo "1487"]
[PlyCount "78"]
[EventDate "2013.??.??"]
[EventType "swiss"]
[EventRounds "6"]
[EventCountry "FRA"]
[SourceDate "2005.09.12"]

1. e4 c5 2. Bc4 g6 3. Nf3 Bg7 4. e5 Nc6 5. c3 Nxe5 6. Nxe5 Bxe5 7. O-O Bg7 8.
d3 Nf6 9. h3 O-O 10. Be3 d5 11. Bb3 d4 12. Bd2 Bf5 13. Bc2 Qd7 14. c4 b5 15.
cxb5 Qxb5 16. Na3 Qxb2 17. Nc4 Qb7 18. Rb1 Qc7 19. Qf3 Rab8 20. Bb3 Qb7 21. Qg3
Nh5 22. Qh2 Bxd3 23. Na5 Qd7 24. Bxf7+ Kxf7 25. Rxb8 Bxf1 26. Rxf8+ Kxf8 27.
Kxf1 Qb5+ 28. Ke1 Qb1+ 29. Ke2 d3+ 30. Ke3 Bh6+ 31. f4 Bxf4+ 32. Qxf4+ Nxf4 33.
Kxf4 Qxa2 34. Ke3 c4 35. Kd4 Qxd2 36. Nxc4 Qe2 37. Kc3 a5 38. Nb2 d2 39. Kc2
d1=N+ 0-1

[Event "Championnat de Lorraine 2013"]
[Site "Hayange"]
[Date "2013.05.19"]
[Round "4.1"]
[White "Vignale, Stephane"]
[Black "Carrillo, Jesus"]
[Result "0-1"]
[WhiteElo "2071"]
[BlackElo "2102"]
[PlyCount "110"]
[EventDate "2013.??.??"]
[EventType "swiss"]
[EventRounds "6"]
[EventCountry "FRA"]
[SourceDate "2005.09.12"]

1. d4 Nf6 2. c4 g6 3. Nc3 Bg7 4. Nf3 O-O 5. Bf4 d6 6. h3 Nbd7 7. e3 a6 8. Be2
Re8 9. O-O c6 10. Qd2 b5 11. a3 Bb7 12. Rac1 Nh5 13. Bh2 Nhf6 14. Rfd1 h6 15.
d5 cxd5 16. cxb5 Nc5 17. Qc2 Rc8 18. b4 Nce4 19. Qb3 Nxc3 20. Rxc3 Rxc3 21.
Qxc3 Ne4 22. Qb3 Nc3 23. Rd2 axb5 24. Bd3 Qb6 25. Rc2 Ne4 26. Nd4 Bxd4 27. exd4
Qxd4 28. Bf4 Rc8 29. Rxc8+ Bxc8 30. Bxe4 Qxe4 31. Bxh6 d4 32. Qd1 Bf5 33. Bd2
Qd3 34. Qc1 e5 35. Bg5 Qc2 36. Qxc2 Bxc2 37. Kf1 f5 38. Be7 d3 39. Ke1 d5 40.
Bd6 e4 41. h4 Kf7 42. Bc5 Ke6 43. Bd4 f4 44. Kd2 Kf5 45. Bb6 Kg4 46. Bd8 d4 47.
f3+ exf3 48. gxf3+ Kxf3 49. Bc7 Kg4 50. Be5 f3 51. Bxd4 Kxh4 {Diagramme #} 52.
Bf2+ Kh3 53. a4 Bxa4 54. Kxd3 Kg2 55. Ke3 g5 0-1

[Event "Championnat de Lorraine 2013"]
[Site "Hayange"]
[Date "2013.05.19"]
[Round "4.3"]
[White "Pucher, Sebastien"]
[Black "Espinosa, Enrique"]
[Result "1-0"]
[WhiteElo "2244"]
[BlackElo "1970"]
[PlyCount "61"]
[EventDate "2013.??.??"]
[EventType "swiss"]
[EventRounds "6"]
[EventCountry "FRA"]
[SourceDate "2005.09.12"]

1. e4 d5 2. exd5 Nf6 3. d4 Bg4 4. Nf3 Qxd5 5. Be2 Nc6 6. O-O O-O-O 7. Be3 h6 8.
Nbd2 Qh5 9. h3 e5 10. c3 Bd6 11. hxg4 Nxg4 12. Nh4 f5 13. Bxg4 fxg4 14. g3 {
Diagramme #} Rhf8 15. d5 Ne7 16. c4 g5 17. Ng2 Nf5 18. Ne4 Qh3 19. Rc1 Nh4 20.
gxh4 gxh4 21. c5 g3 22. fxg3 hxg3 23. Nxg3 Rg8 24. cxd6 Rxd6 25. Qc2 Rd7 26.
Nf5 Kb8 27. Rf2 Rf7 28. Rcf1 Rf6 29. Qe4 Rfg6 30. Nfh4 Rg4 31. Rf8+ 1-0

[Event "Championnat de Lorraine 2013"]
[Site "Hayange"]
[Date "2013.05.19"]
[Round "4.5"]
[White "Muller, Etienne"]
[Black "Etienne, Eric"]
[Result "0-1"]
[WhiteElo "1903"]
[BlackElo "2076"]
[PlyCount "80"]
[EventDate "2013.??.??"]
[EventType "swiss"]
[EventRounds "6"]
[EventCountry "FRA"]
[SourceDate "2005.09.12"]

1. Nf3 Nc6 2. c4 e5 3. Nc3 f5 4. d4 e4 5. Ng5 Bb4 6. g3 Bxc3+ 7. bxc3 d6 8. Bg2
Nf6 9. O-O h6 10. Nh3 Qe7 11. f3 exf3 12. exf3 O-O 13. Re1 Qf7 14. Qd3 Bd7 15.
Rb1 b6 16. Bd2 Rae8 17. Nf2 Na5 18. d5 Nb7 19. Be3 Nh5 20. Bd4 Bc8 21. Qd2 Na5
22. Bf1 Ba6 23. Rxe8 Rxe8 {Diagramme #} 24. c5 Bxf1 25. cxb6 axb6 26. Rxf1 Qxd5
27. g4 Nf6 28. g5 Nc4 29. Qc1 hxg5 30. Qxg5 Ne5 31. Nd3 c5 32. Bxe5 dxe5 33.
Qxf5 e4 34. Qxd5+ Nxd5 35. c4 exd3 36. cxd5 d2 37. Kf2 c4 38. d6 c3 39. d7 Rd8
40. Ke2 Rxd7 0-1

[Event "Championnat de Lorraine 2013"]
[Site "Hayange"]
[Date "2013.05.19"]
[Round "4.6"]
[White "Colson, Arnaud"]
[Black "Boes, Remi"]
[Result "1-0"]
[WhiteElo "2103"]
[BlackElo "1824"]
[PlyCount "121"]
[EventDate "2013.??.??"]
[EventType "swiss"]
[EventRounds "6"]
[EventCountry "FRA"]
[SourceDate "2005.09.12"]

1. e4 c5 2. Nc3 Nc6 3. f4 e6 4. Nf3 d5 5. Bb5 Nge7 6. exd5 Nxd5 7. Bxc6+ bxc6
8. d3 Be7 9. O-O O-O 10. Ne4 Rb8 11. Ne5 Qc7 12. Qe1 Ba6 13. Qf2 f6 14. Nc4 Nb6
15. Nxc5 Bxc5 16. Qxc5 Nxc4 17. dxc4 Qb6 18. Qxb6 axb6 19. b3 c5 20. a4 Kf7 21.
Be3 Rfc8 22. Rfd1 Ke7 23. Rd2 Rc7 24. a5 b5 25. cxb5 Rxb5 26. Ra4 Rbb7 27. Kf2
Rc6 28. g4 Rd7 29. Rxd7+ Kxd7 30. Ra1 c4 31. b4 {Diagramme #} Rd6 {(=)} 32. Ke1
Rd5 33. h4 g6 34. Ke2 Kc6 35. c3 Rd3 36. Bd4 f5 37. gxf5 exf5 38. h5 Rg3 39.
hxg6 hxg6 40. Rh1 Kd5 41. Kf2 Rd3 42. Re1 Rd2+ 43. Kg3 Rd3+ 44. Kh4 Bc8 45.
Re5+ Kc6 46. b5+ Kd6 47. Bc5+ Kc7 48. Re7+ Kd8 49. b6 g5+ 50. Kxg5 Rd7 51. Re1
Rg7+ 52. Kf6 Rh7 53. Rd1+ Ke8 54. Ra1 Ba6 55. Kxf5 Rd7 56. Bd4 Kf7 57. Be5 Rd5
58. Ke4 Rd2 59. Rg1 Ra2 60. Rg7+ Kf8 61. Ra7 1-0

[Event "Championnat de Lorraine 2013"]
[Site "Hayange"]
[Date "2013.05.19"]
[Round "4.7"]
[White "Schmitt, Gregory"]
[Black "Traskos, Dominique"]
[Result "1-0"]
[WhiteElo "2015"]
[BlackElo "1737"]
[PlyCount "43"]
[EventDate "2013.??.??"]
[EventType "swiss"]
[EventRounds "6"]
[EventCountry "FRA"]
[SourceDate "2005.09.12"]

1. c4 Nf6 2. g3 c6 3. Bg2 d5 4. d4 Bf5 5. Nc3 e6 6. Nf3 Nbd7 7. cxd5 cxd5 8.
O-O a6 9. h3 Be7 10. g4 Bg6 11. Bf4 Ne4 12. Rc1 Rc8 13. Qb3 b5 14. Ne5 Nxe5 15.
Nxe4 Rxc1 16. Rxc1 Nc4 17. Nc5 Qb6 18. Qg3 O-O 19. b3 Bxc5 20. dxc5 Qxc5 21.
bxc4 dxc4 22. Bd6 1-0

[Event "Championnat de Lorraine 2013"]
[Site "Hayange"]
[Date "2013.05.19"]
[Round "4.8"]
[White "Diaz, Jean-Francois"]
[Black "Praion, Laurent"]
[Result "1-0"]
[WhiteElo "1970"]
[BlackElo "1720"]
[PlyCount "45"]
[EventDate "2013.??.??"]
[EventType "swiss"]
[EventRounds "6"]
[EventCountry "FRA"]
[SourceDate "2005.09.12"]

1. e4 e5 2. Nf3 Nf6 3. Nxe5 d6 4. Nc4 Nxe4 5. d4 d5 6. Ne3 Bd6 7. Nxd5 Bxh2 8.
Nbc3 Nxc3 9. Nxc3 Bd6 10. Bd3 h6 11. Qf3 Nc6 12. Be3 Nb4 13. O-O-O Nxd3+ 14.
Rxd3 O-O 15. Kb1 Qf6 16. Qxf6 gxf6 17. Nd5 Bf5 18. Rdd1 c6 19. g4 Bxc2+ 20.
Kxc2 cxd5 21. Rxh6 Kg7 22. g5 Rh8 23. gxf6+ (23. gxf6+ Kg8 24. Rg1+ Bg3 25.
Rxg3+ Kf8 26. Rxh8#) 1-0

[Event "Championnat de Lorraine 2013"]
[Site "Hayange"]
[Date "2013.05.19"]
[Round "4.9"]
[White "Schweitzer, Marc"]
[Black "Kizil, Yilmaz"]
[Result "1-0"]
[WhiteElo "1954"]
[BlackElo "1680"]
[PlyCount "109"]
[EventDate "2013.??.??"]
[EventType "swiss"]
[EventRounds "6"]
[EventCountry "FRA"]
[SourceDate "2005.09.12"]

1. c4 e6 2. Nc3 d6 3. d4 Nf6 4. Nf3 h6 5. e4 Be7 6. Bd3 Nc6 7. O-O e5 8. d5 Nb8
9. h3 c6 10. Be3 Bd7 11. Nd2 Qc8 12. Be2 h5 13. f4 Bxh3 14. f5 Bg4 15. Bf3 Qc7
16. dxc6 bxc6 17. b3 a6 18. b4 Nbd7 19. Rb1 Bxf3 20. gxf3 d5 21. Bf2 d4 22. Ne2
h4 23. Nc1 Nh5 24. Nd3 Bg5 25. c5 Nf4 26. Nxf4 Bxf4 27. Nc4 Nf6 28. Nd6+ Kf8
29. Kg2 h3+ 30. Kh1 h2 31. Be1 Ne8 32. Nc4 Qd8 33. Rb2 g5 34. fxg6 fxg6 35. Rg2
{Diagramme #} Rg8 36. Bd2 Qb8 37. Nb6 Ra7 38. Bxf4 exf4 39. Qxd4 Qc7 40. Rxh2
Qg7 41. Rd1 Nf6 42. Qd6+ Kf7 43. Qxc6 Rh8 44. Rdd2 Rxh2+ 45. Rxh2 Nh5 46. Qd5+
Kf8 47. e5 Re7 48. Nc4 Nf6 49. exf6 Qxf6 50. Qd8+ Kf7 51. Rh7+ Ke6 52. Qxe7+
Qxe7 53. Rxe7+ Kxe7 54. b5 Kd7 55. Kg1 1-0

[Event "Championnat de Lorraine 2013"]
[Site "Hayange"]
[Date "2013.05.19"]
[Round "4.11"]
[White "Zienkiewicz, Geoffroy"]
[Black "Greiner, Leon"]
[Result "1-0"]
[WhiteElo "1922"]
[BlackElo "1650"]
[PlyCount "43"]
[EventDate "2013.??.??"]
[EventType "swiss"]
[EventRounds "6"]
[EventCountry "FRA"]
[SourceDate "2005.09.12"]

1. d4 d5 2. Bg5 c6 3. a3 Bf5 4. Nf3 Nd7 5. e3 Ngf6 6. c4 Ne4 7. Bh4 a6 8. Be2
h6 9. Nc3 Nxc3 10. bxc3 b5 11. cxd5 cxd5 12. a4 bxa4 13. Qxa4 Qc7 14. O-O {
Diagramme #} e6 15. Ne5 Be7 16. Bg3 Qa7 17. Nxd7 Qxd7 18. Bb5 axb5 19. Qxa8+
Qd8 20. Qc6+ Qd7 21. Ra8+ Bd8 22. Qc5 1-0

[Event "Championnat de Lorraine 2013"]
[Site "Hayange"]
[Date "2013.05.19"]
[Round "4.15"]
[White "Cappelletti, Robert"]
[Black "Ghisu, David"]
[Result "1-0"]
[WhiteElo "1869"]
[BlackElo "1300"]
[PlyCount "41"]
[EventDate "2013.??.??"]
[EventType "swiss"]
[EventRounds "6"]
[EventCountry "FRA"]
[SourceDate "2005.09.12"]

1. e4 e5 2. Nf3 Nc6 3. Bb5 a6 4. Ba4 Nf6 5. O-O Be7 6. Re1 b5 7. Bb3 O-O 8. h3
d5 9. exd5 Nxd5 10. Nxe5 Nxe5 11. Rxe5 c6 12. d3 Bd6 13. Re1 Qh4 14. Qf3 Bd7
15. Re4 Rae8 16. Bd2 Rxe4 17. dxe4 Nb4 18. c3 Re8 19. cxb4 Rxe4 20. Qxf7+ Kh8
21. Qg8# 1-0

[Event "Championnat de Lorraine 2013"]
[Site "Hayange"]
[Date "2013.05.19"]
[Round "4.18"]
[White "Nicolas, Daniel"]
[Black "Leclerc, Bernard"]
[Result "0-1"]
[WhiteElo "1660"]
[BlackElo "1440"]
[PlyCount "25"]
[EventDate "2013.??.??"]
[EventType "swiss"]
[EventRounds "6"]
[EventCountry "FRA"]
[SourceDate "2005.09.12"]

1. e4 e5 2. Nf3 Nc6 3. b3 Nf6 4. d3 d5 5. exd5 Nxd5 6. d4 Bb4+ 7. Bd2 Bg4 8. h3
Bxf3 9. Qxf3 Nxd4 10. Qe4 Bxd2+ 11. Nxd2 O-O 12. O-O-O Qd6 13. Bd3 0-1

[Event "Championnat de Lorraine 2013"]
[Site "Hayange"]
[Date "2013.05.19"]
[Round "4.19"]
[White "Pierrot, Philippe"]
[Black "Cahen, Alexis"]
[Result "1/2-1/2"]
[WhiteElo "1575"]
[BlackElo "1636"]
[PlyCount "41"]
[EventDate "2013.??.??"]
[EventType "swiss"]
[EventRounds "6"]
[EventCountry "FRA"]
[SourceDate "2005.09.12"]

1. e4 d5 2. exd5 Nf6 3. c4 e6 4. dxe6 Bxe6 5. d4 Bb4+ 6. Bd2 Bxd2+ 7. Qxd2 Qe7
8. Nc3 Bxc4+ 9. Qe3 Bxf1 10. Kxf1 Qxe3 11. fxe3 O-O 12. e4 Rd8 13. e5 Nd5 14.
Nf3 Nc6 15. Kf2 Ndb4 16. Rad1 Ne7 17. a3 Nbd5 18. Rhe1 a6 19. Rc1 Nc6 20. Red1
Rd7 21. Ne4 1/2-1/2

[Event "Championnat de Lorraine 2013"]
[Site "Hayange"]
[Date "2013.05.19"]
[Round "4.21"]
[White "Prum, Suzanne"]
[Black "Del Frate, Jean"]
[Result "1-0"]
[WhiteElo "1499"]
[BlackElo "1620"]
[PlyCount "35"]
[EventDate "2013.??.??"]
[EventType "swiss"]
[EventRounds "6"]
[EventCountry "FRA"]
[SourceDate "2005.09.12"]

1. d4 d5 2. c4 c6 3. e4 dxe4 4. Nc3 Bf5 5. f3 exf3 6. Nxf3 Bg4 7. Be2 e6 8. O-O
Nf6 9. Be3 Bb4 10. Ne5 Bxe2 11. Qxe2 Bxc3 12. bxc3 Qe7 13. Rab1 O-O 14. Bg5 a6
15. Bxf6 gxf6 16. Ng4 b5 17. Nxf6+ Kh8 18. Qe4 1-0

[Event "Championnat de Lorraine 2013"]
[Site "Hayange"]
[Date "2013.05.19"]
[Round "4.23"]
[White "Marchal, Roger"]
[Black "Berthier, Grant"]
[Result "1-0"]
[WhiteElo "1609"]
[BlackElo "1470"]
[PlyCount "55"]
[EventDate "2013.??.??"]
[EventType "swiss"]
[EventRounds "6"]
[EventCountry "FRA"]
[SourceDate "2005.09.12"]

1. c4 e5 2. g3 Bc5 3. Bg2 Nc6 4. Nc3 Nf6 5. d3 d6 6. Nf3 Be6 7. a3 Bd4 8. Nxd4
Nxd4 9. Bxb7 Rb8 10. Bg2 Bd7 11. b4 Qc8 12. Be3 O-O 13. O-O Bh3 14. Bxd4 exd4
15. Nb5 Bxg2 16. Kxg2 Qb7+ 17. Kg1 Qb6 18. e3 c5 19. bxc5 dxc5 20. a4 dxe3 21.
fxe3 a6 22. Nc3 Qe6 23. Qf3 Ng4 24. Rfe1 Ne5 25. Qe2 Rbd8 26. Nd5 {Diagramme #}
Qf5 27. Ne7+ Kh8 28. Nxf5 1-0

[Event "Championnat de Lorraine 2013"]
[Site "Hayange"]
[Date "2013.05.19"]
[Round "5.1"]
[White "Carrillo, Jesus"]
[Black "Staeger, Pascal"]
[Result "1-0"]
[WhiteElo "2102"]
[BlackElo "2078"]
[PlyCount "55"]
[EventDate "2013.??.??"]
[EventType "swiss"]
[EventRounds "6"]
[EventCountry "FRA"]
[SourceDate "2005.09.12"]

1. e4 d5 2. exd5 Qxd5 3. Nc3 Qd6 4. d4 Nf6 5. Nf3 a6 6. g3 b5 7. Bg2 Bb7 8. O-O
e6 9. Re1 Be7 10. Bf4 Qb6 11. Qe2 O-O {(=)} 12. a4 b4 13. a5 Qa7 14. Na4 Nd5
15. Bd2 Nd7 16. c4 bxc3 17. bxc3 Rfe8 18. h4 c5 19. Ne5 Nxe5 20. dxe5 Rad8 21.
Rab1 Rd7 22. h5 Rc8 23. c4 Bc6 24. cxd5 Bxa4 25. dxe6 fxe6 26. Qg4 {Diagramme #
} Bc2 27. Qxe6+ Kh8 28. Rb7 1-0

[Event "Championnat de Lorraine 2013"]
[Site "Hayange"]
[Date "2013.05.19"]
[Round "5.6"]
[White "Steininger, Denis"]
[Black "Cappelletti, Robert"]
[Result "1-0"]
[WhiteElo "1980"]
[BlackElo "1869"]
[PlyCount "87"]
[EventDate "2013.??.??"]
[EventType "swiss"]
[EventRounds "6"]
[EventCountry "FRA"]
[SourceDate "2005.09.12"]

1. e4 c5 2. Nf3 d6 3. d4 cxd4 4. Nxd4 Nf6 5. Nc3 a6 6. Be2 e6 7. O-O Be7 8. a4
b6 9. Bf3 Ra7 10. Be3 Qc7 11. a5 Nbd7 12. Ndb5 axb5 13. Nxb5 Qb8 14. Nxa7 Qxa7
15. axb6 Qb8 16. e5 Nd5 17. Bxd5 exd5 18. Qxd5 Bb7 19. Qc4 Nxe5 20. Qc7 Qxc7
21. bxc7 Kd7 22. Bb6 Nc4 23. Ra7 Bc8 24. Bd4 f6 25. f4 d5 26. Rd1 Kc6 27. b3
Nd6 28. Re1 Kd7 29. Bc5 Re8 30. c4 dxc4 31. bxc4 Kc6 32. Ba3 f5 33. Re5 {
Diagramme #} Bf6 34. Bxd6 Bxe5 35. fxe5 g5 36. Kf2 f4 37. Ra8 Kd7 38. c5 Ke6
39. Ke2 Kd5 40. Kd2 g4 41. Ra4 f3 42. gxf3 gxf3 43. Rf4 Rg8 44. Rxf3 1-0

[Event "Championnat de Lorraine 2013"]
[Site "Hayange"]
[Date "2013.05.19"]
[Round "5.9"]
[White "Malglaive, Jean Louis"]
[Black "Durando, Didier"]
[Result "0-1"]
[WhiteElo "1737"]
[BlackElo "2015"]
[PlyCount "66"]
[EventDate "2013.??.??"]
[EventType "swiss"]
[EventRounds "6"]
[EventCountry "FRA"]
[SourceDate "2005.09.12"]

1. e4 d6 2. d4 Nf6 3. Nc3 g6 4. f4 Bg7 5. Nf3 O-O 6. Bd3 Nc6 7. O-O Bg4 8. Be3
e5 9. d5 Nd4 10. Bxd4 exd4 11. Nb5 c5 12. h3 Bc8 13. a4 a6 14. Na3 Rb8 15. Qd2
b5 16. axb5 axb5 17. b3 Bd7 18. g4 Qb6 19. f5 Rfe8 20. Rae1 Ra8 21. Nb1 c4 22.
g5 cxd3 23. gxf6 Bxf6 24. fxg6 fxg6 25. cxd3 Qd8 26. Kh2 Qe7 27. Re2 Rf8 28.
Rg1 Bg7 29. Rg3 Be5 30. Nxe5 Qxe5 {Diagramme #} 31. Qg5 Rf5 32. Qd2 Rf3 33.
Reg2 Bxh3 0-1

[Event "Championnat de Lorraine 2013"]
[Site "Hayange"]
[Date "2013.05.19"]
[Round "5.11"]
[White "Leclerc, Bernard"]
[Black "Muller, Etienne"]
[Result "0-1"]
[WhiteElo "1440"]
[BlackElo "1903"]
[PlyCount "68"]
[EventDate "2013.??.??"]
[EventType "swiss"]
[EventRounds "6"]
[EventCountry "FRA"]
[SourceDate "2005.09.12"]

1. e4 c5 2. Nf3 e6 3. d4 cxd4 4. Nxd4 a6 5. Nc3 Qc7 6. a3 Nc6 7. Be3 Nf6 8. f4
d6 9. h3 e5 10. Nxc6 Qxc6 11. Nd5 Nxe4 12. fxe5 dxe5 13. Bb6 Bd6 14. Qd3 Bf5
15. g4 Bg6 16. Bg2 Nc5 {Diagramme #} 17. Nc7+ Qxc7 18. Bxc7 Nxd3+ 19. cxd3 Bxc7
20. Bxb7 Rb8 21. Bxa6 Rxb2 22. O-O-O Rb3 23. a4 O-O 24. h4 Ba5 25. Rh2 Rfb8 26.
Bb5 h5 27. g5 e4 28. Kc2 Rc3+ 29. Kb2 exd3 30. Rhd2 Rc2+ 31. Rxc2 dxc2 32. Rd5
Bc3+ 33. Kc1 Rc8 34. Bd3 Bb2+ 0-1

[Event "Championnat de Lorraine 2013"]
[Site "Hayange"]
[Date "2013.05.19"]
[Round "5.14"]
[White "Boes, Remi"]
[Black "Henry, Maxime"]
[Result "1-0"]
[WhiteElo "1824"]
[BlackElo "1635"]
[PlyCount "79"]
[EventDate "2013.??.??"]
[EventType "swiss"]
[EventRounds "6"]
[EventCountry "FRA"]
[SourceDate "2005.09.12"]

1. Nf3 Nf6 2. d4 g6 3. c4 Bg7 4. Nc3 d6 5. e4 O-O 6. Be2 c5 7. O-O Na6 8. h3
Nc7 9. Be3 b6 10. Qd2 cxd4 11. Nxd4 Bb7 12. f3 Rc8 13. Rac1 Qd7 14. b3 Ne6 15.
Nc2 Nc5 16. Rfd1 Rfd8 17. Bf2 Nh5 18. g4 Nf6 19. Kg2 Nfxe4 20. Nxe4 Nxe4 21.
fxe4 f5 22. Kh2 Bxe4 23. Rg1 f4 24. Bd3 Bb7 25. Rce1 e5 26. Nb4 b5 27. Nd5 Qf7
28. Bh4 Re8 29. Nc3 bxc4 30. Bxc4 {Diagramme #} Rxc4 31. bxc4 e4 32. Nd5 Re5
33. Rb1 g5 34. Be1 e3 35. Qb4 Bxd5 36. cxd5 Qxd5 37. Bc3 Qf3 38. Qb8+ Kf7 39.
Qb7+ Re7 40. Qxf3 1-0

[Event "Championnat de Lorraine 2013"]
[Site "Hayange"]
[Date "2013.05.19"]
[Round "5.15"]
[White "Traskos, Dominique"]
[Black "Marchal, Roger"]
[Result "1-0"]
[WhiteElo "1737"]
[BlackElo "1609"]
[PlyCount "59"]
[EventDate "2013.??.??"]
[EventType "swiss"]
[EventRounds "6"]
[EventCountry "FRA"]
[SourceDate "2005.09.12"]

1. c4 c5 2. g3 g6 3. Bg2 Bg7 4. Nc3 Nf6 5. Nf3 O-O 6. O-O d6 7. d4 Nbd7 8. e4
cxd4 9. Nxd4 Ne5 10. b3 a6 11. h3 Nfd7 12. f4 Nc6 13. Be3 Nxd4 14. Bxd4 Bxd4+
15. Qxd4 Qb6 {(=)} 16. Rad1 Qxd4+ 17. Rxd4 {Diagramme #} e5 18. Rxd6 exf4 19.
gxf4 Nc5 20. b4 Ne6 21. e5 Rb8 22. Nd5 Ng7 23. Ne7+ Kh8 24. Nxc8 Rfxc8 25. c5
Nf5 26. Rd7 Ne3 27. Bxb7 Rd8 28. c6 Rxd7 29. cxd7 Nxf1 30. Bc8 1-0

[Event "Championnat de Lorraine 2013"]
[Site "Hayange"]
[Date "2013.05.19"]
[Round "5.25"]
[White "Morvrange, Camille"]
[Black "Ribeiro, Adrien"]
[Result "0-1"]
[WhiteElo "1370"]
[BlackElo "1616"]
[PlyCount "60"]
[EventDate "2013.??.??"]
[EventType "swiss"]
[EventRounds "6"]
[EventCountry "FRA"]
[SourceDate "2005.09.12"]

1. e4 c5 2. Nf3 d6 3. Bc4 g6 4. d3 Bg7 5. Nc3 Nf6 6. Be3 O-O 7. Qd2 Re8 8.
O-O-O Ng4 9. Bf4 e5 10. Bg3 Bh6 11. Bh4 Bxd2+ 12. Rxd2 Qa5 13. a3 Nc6 14. Nd5
b5 15. Bb3 b4 16. a4 Nd4 17. Nxd4 cxd4 18. h3 Nh6 19. Nf6+ Kf8 20. Nxe8 Kxe8
21. Rf1 Be6 22. Kb1 Bxb3 23. cxb3 Rc8 24. Bg3 f5 25. exf5 Nxf5 26. Bh2 Qd5 27.
f3 Qxb3 28. Re1 Qxa4 29. f4 b3 30. fxe5 Qa2# 0-1

[Event "Championnat de Lorraine 2013"]
[Site "Hayange"]
[Date "2013.05.19"]
[Round "5.29"]
[White "Lupfer, Anny"]
[Black "Pojer, Pascal"]
[Result "1-0"]
[WhiteElo "1588"]
[BlackElo "1310"]
[PlyCount "70"]
[EventDate "2013.??.??"]
[EventType "swiss"]
[EventRounds "6"]
[EventCountry "FRA"]
[SourceDate "2005.09.12"]

1. d4 d5 2. Nf3 Nc6 3. Bf4 Bf5 4. e3 a6 5. c4 dxc4 6. Bxc4 e6 7. Nc3 Nf6 8. a3
Be7 9. O-O O-O 10. Rc1 b5 11. Be2 h6 12. Na2 Be4 13. Nd2 Bd5 14. Nc3 Na5 15.
Nxd5 Nxd5 16. Bg3 Bd6 17. Bxd6 Qxd6 18. Ne4 Qd7 19. Nc5 Qd6 20. b4 Nc4 21. Bxc4
bxc4 22. Rxc4 Qb6 23. Qc2 Qd6 24. Rc1 Rfc8 25. Qa4 Nb6 26. Nb7 Qd5 27. Qc6 Nxc4
28. Rxc4 Qb5 29. Na5 Qxc6 30. Nxc6 Re8 31. Kf1 g6 32. f4 Kg7 33. g4 f5 34. Ne5
{Diagramme #} a5 35. Rxc7+ Kf6 1-0

[Event "17e open 1hKO"]
[Site "Montigny le Bretonneux"]
[Date "2013.05.18"]
[Round "1.1"]
[White "Etrog, Jonathan"]
[Black "Artieres, Michel"]
[Result "1-0"]
[WhiteElo "2210"]
[BlackElo "1700"]
[PlyCount "67"]
[EventDate "2013.04.??"]
[EventType "swiss"]
[EventRounds "7"]
[EventCountry "FRA"]
[SourceDate "2005.09.12"]

{Ouverture catalane, variante fermée} 1. c4 Nf6 2. g3 e6 3. Bg2 c6 4. Nf3 d5 5.
O-O Nbd7 6. d4 Be7 7. b3 O-O 8. Bb2 Ne4 9. Nc3 Ndf6 10. Ne5 Nxc3 11. Bxc3 Ne4
12. Bb2 Bb4 13. Qc2 f5 14. f3 Ng5 15. e4 Nf7 16. Nd3 Ba5 17. Rac1 Bd7 18. b4
Bb6 19. Qb3 dxc4 20. Qxc4 Re8 21. Kh1 Nd6 22. Qb3 Nb5 23. Nc5 Bxc5 24. dxc5 Kh8
25. Rcd1 Qe7 26. Be5 a5 27. a4 Na7 28. bxa5 Qxc5 29. Bxg7+ Kxg7 30. Rxd7+ Re7
31. Qxb7 Rxd7 32. Qxd7+ Kf6 33. exf5 Qxf5 34. Qb7 1-0